000 00298nam a2200121Ia 4500
008 220204s9999 xx 000 0 und d
082 _a65(038)
_bROS
100 _aJerry M
245 0 _aDictionary of business and management
250 _aEd.2
260 _aNew York
_bJohn Wiley
_c1983
942 _cBK
999 _c37386
_d37386